Państwa w swoim "ojczystym języku" - Statystyki

Ogólne statystyki
  • Ten quiz został rozwiązany 52 razy
  • Średni wynik to 8 z 10
Statystyki odpowiedzi
Ojczysty język Polski język % Poprawnych
România Rumunia
100%
Great Britain Wielka Brytania
100%
България (Bulgariya) Bułgaria
96%
Suid-Afrika Republika Południowej Afryki
94%
中國 (Zhongguo) Chiny
81%
Eesti Estonia
79%
ኢትዮጵያ (Itiyop'iya) Etiopia
72%
កម្ពុជា។ (Kampouchea) Kambodża
72%
日本 (Nihon) Japonia
70%
Shqipëria Albania
40%
Nie znaleziono quizów pasujących do podanych kryteriów
Rozkład punktacji
Procent ludzi z każdym wynikiem
Percentyl według liczby udzielonych odpowiedzi
Twoja historia wyników
Nie rozwiązałeś tego quizu